[Event "Scottish International Open"]
[Site "Edinburgh, Scotland"]
[Date "2015.07.14"]
[Round "4"]
[White "Van den Ouden, Lendert"]
[Black "Rooze, Jan"]
[Result "0-1"]
[WhiteElo "2077"]
[BlackElo "2316"]
[PlyCount "66"]
[EventDate "2015.??.??"]
[Source "ChessScotland"]
[SourceDate "2015.07.19"]
[WhiteClock "0:23:26"]
[BlackClock "0:17:31"]

1. d4 Nf6 2. c4 c5 3. e3 g6 4. Nf3 Bg7 5. Be2 O-O 6. O-O cxd4 7. exd4 d5 8. Nc3
Nc6 9. h3 dxc4 10. Bxc4 Na5 11. Be2 Be6 12. Re1 Rc8 13. Ne5 Nd5 14. Nxd5 Bxd5
15. Be3 Nc4 16. Nxc4 Bxc4 17. Bxc4 Rxc4 18. Qb3 Rc7 19. d5 b6 20. Rad1 Rd7 21.
Rd2 Qc7 22. Red1 Rc8 23. Qa4 Be5 24. Qe4 Qd6 25. Qg4 Rdc7 26. Qa4 Qf6 27. Qb3
Rc4 28. Re2 Qf5 29. Qa3 Bd6 30. Qxa7 Qe5 31. g3 Qh5 32. Red2 Qxh3 33. Qxb6 Rh4
0-1

[Event "Scottish International Open"]
[Site "Edinburgh, Scotland"]
[Date "2015.07.14"]
[Round "4"]
[White "Durno, Joy"]
[Black "Korneev, Oleg"]
[Result "0-1"]
[WhiteElo "1886"]
[BlackElo "2567"]
[PlyCount "123"]
[EventDate "2015.??.??"]
[Source "ChessScotland"]
[SourceDate "2015.07.19"]
[WhiteClock "0:16:47"]
[BlackClock "0:12:47"]

1. d4 d5 2. c4 dxc4 3. Nf3 Nf6 4. e3 a6 5. Bxc4 e6 6. a3 b5 7. Bd3 c5 8. O-O
Nbd7 9. dxc5 Nxc5 10. Bc2 Bb7 11. Qe2 Bd6 12. Nc3 Qc7 13. e4 Ng4 14. h3 Nh2 15.
Nxh2 Bxh2+ 16. Kh1 Be5 17. Bd2 O-O 18. Rac1 Bf4 19. Rfd1 Rad8 20. Be3 g6 21.
Qf3 Bxe3 22. Qxe3 Nd7 23. Bb3 Qc5 24. Qxc5 Nxc5 25. Bc2 Kg7 26. Kg1 e5 27. f3
h5 28. Kf2 h4 29. Rxd8 Rxd8 30. Rd1 Rc8 31. Rd2 Rc7 32. Ke3 Kf6 33. Bd1 Ke7 34.
Bc2 f6 35. Bd1 Rc8 36. Bc2 Bc6 37. Bd1 Ba8 38. Bc2 Bb7 39. Bd1 Bc6 40. Rc2 Bb7
41. b4 Nd7 42. Nd5+ Kd6 43. Rxc8 Bxc8 44. Bb3 f5 45. Nc3 Nb6 46. Bf7 f4+ 47.
Kd3 Be6 48. Bxe6 Kxe6 49. Nb1 Nc4 50. Ke2 Kd6 51. Kf2 Kc6 52. Ke2 Kb6 53. Kf2
a5 54. Kg1 Ne3 55. Nc3 Nc2 56. Nd5+ Kb7 57. bxa5 Nxa3 58. Nb4 Nc4 59. a6+ Kb6
60. Kf2 Na5 61. Nd3 Nc6 62. Ke1 0-1

[Event "Scottish International Open"]
[Site "Edinburgh, Scotland"]
[Date "2015.07.14"]
[Round "4"]
[White "Arakhamia Grant, Ketevan"]
[Black "Moreby, James"]
[Result "1-0"]
[WhiteElo "2374"]
[BlackElo "1997"]
[PlyCount "61"]
[EventDate "2015.??.??"]
[Source "ChessScotland"]
[SourceDate "2015.07.19"]
[WhiteClock "0:03:50"]
[BlackClock "0:06:17"]

1. e4 c5 2. Nc3 a6 3. g3 e6 4. Bg2 Ne7 5. d3 d5 6. exd5 exd5 7. Qe2 Be6 8. Nh3
Nbc6 9. Nf4 Nd4 10. Nxe6 fxe6 11. Qd1 Nec6 12. O-O Bd6 13. Ne2 O-O 14. Nxd4
Nxd4 15. c3 Nc6 16. Qe2 Re8 17. Bd2 Qf6 18. Rae1 Re7 19. Qh5 h6 20. Re2 Rae8
21. Rfe1 Kh7 22. f4 g6 23. Qh3 b5 24. Rf1 Qg7 25. g4 Rf8 26. Ref2 Ref7 27. Qe3
Nd8 28. Kh1 g5 29. f5 exf5 30. gxf5 Rxf5 31. Rxf5 1-0

[Event "Scottish International Open"]
[Site "Edinburgh, Scotland"]
[Date "2015.07.14"]
[Round "4"]
[White "Paul, Rabindra"]
[Black "McKay, Roderick M"]
[Result "0-1"]
[WhiteElo "1822"]
[BlackElo "2338"]
[PlyCount "136"]
[EventDate "2015.??.??"]
[Source "ChessScotland"]
[SourceDate "2015.07.19"]
[WhiteClock "0:21:54"]
[BlackClock "0:10:24"]

1. d4 c6 2. e4 d5 3. exd5 cxd5 4. Bd3 Nc6 5. c3 g6 6. Bf4 Bg7 7. Nf3 Nf6 8. h3
Qb6 9. Qb3 Bf5 10. Bxf5 gxf5 11. Nbd2 Rc8 12. Qxb6 axb6 13. Be5 e6 14. Ke2 h5
15. a4 Rg8 16. Ra3 Nxe5 17. Nxe5 Ne4 18. Rg1 Bxe5 19. dxe5 Kd7 20. Nf3 Ng5 21.
Rd1 Nxf3 22. Kxf3 Rc4 23. Rd4 Rxd4 24. cxd4 Rc8 25. Rb3 Rc4 26. Rd3 Rxa4 27.
Kf4 Rc4 28. b3 Rc2 29. Kf3 b5 30. g3 Ke7 31. h4 f6 32. exf6+ Kxf6 33. Ke3 f4+
34. Kf3 b4 35. gxf4 Rc3 36. Re3 Kf5 37. Kg3 Rxe3+ 38. fxe3 Ke4 39. Kf2 Kd3 40.
Kf3 Kc3 41. e4 dxe4+ 42. Kxe4 Kxb3 43. d5 exd5+ 44. Kxd5 Kc3 45. f5 b3 46. f6
b2 47. f7 b1=Q 48. f8=Q Qd3+ 49. Kc5 Qd4+ 50. Kb5 Qd5+ 51. Kb6 Kd3 52. Qf1+ Ke3
53. Qe1+ Kf4 54. Qb4+ Kg3 55. Ka7 b5 56. Kb6 Qc4 57. Qe1+ Kg4 58. Qf2 b4 59.
Qf6 Qf4 60. Qe7 Kh3 61. Qe1 b3 62. Qh1+ Kg4 63. Qd1+ Kxh4 64. Qh1+ Kg5 65. Qd5+
Kg6 66. Qd3+ Kg7 67. Qd7+ Qf7 68. Qh3 b2 0-1

[Event "Scottish International Open"]
[Site "Edinburgh, Scotland"]
[Date "2015.07.14"]
[Round "4"]
[White "Berry, Neil"]
[Black "Gilfillan, Andrew"]
[Result "1-0"]
[WhiteElo "2306"]
[BlackElo "1953"]
[PlyCount "89"]
[EventDate "2015.??.??"]
[Source "ChessScotland"]
[SourceDate "2015.07.19"]
[WhiteClock "0:28:48"]
[BlackClock "0:23:42"]

1. d4 e6 2. e4 d5 3. Nc3 dxe4 4. Nxe4 Bd7 5. Nf3 Bc6 6. Bd3 Nf6 7. Nxf6+ gxf6
8. O-O Bd6 9. c4 Bxf3 10. Qxf3 Nc6 11. Be3 f5 12. Rfe1 f4 13. Bxf4 Nxd4 14. Qg3
Qe7 15. Bxd6 Qxd6 16. Qxd6 cxd6 17. Rad1 Nc6 18. Re3 Ke7 19. Rg3 Ne5 20. Be2
Rac8 21. b3 Rhg8 22. f4 Ng6 23. Rf3 Nh4 24. Rf2 b5 25. cxb5 Rc2 26. g3 Rxa2 27.
Bd3 Rxf2 28. Kxf2 Ng6 29. Ra1 Ra8 30. b6 a5 31. Rxa5 Rb8 32. Ra7+ Kd8 33. Rxf7
Rxb6 34. Rxh7 Ne7 35. Bc2 d5 36. Ke3 Kd7 37. h4 Rc6 38. Bd3 Rb6 39. Bc2 Rc6 40.
Kd2 Kd6 41. h5 Rc8 42. h6 Nc6 43. Rg7 Nd4 44. h7 Rxc2+ 45. Kd3 1-0

[Event "Scottish International Open"]
[Site "Edinburgh, Scotland"]
[Date "2015.07.14"]
[Round "4"]
[White "Irving, Neil"]
[Black "Orr, Mark J L"]
[Result "1/2-1/2"]
[WhiteElo "1801"]
[BlackElo "2260"]
[PlyCount "105"]
[EventDate "2015.??.??"]
[Source "ChessScotland"]
[SourceDate "2015.07.19"]
[WhiteClock "1:19:09"]
[BlackClock "1:15:42"]

1. Nf3 Nf6 2. c4 e6 3. g3 d5 4. Bg2 Be7 5. O-O O-O 6. d4 c6 7. Qc2 b6 8. Nbd2
Bb7 9. e4 Nbd7 10. b3 Rc8 11. Bb2 c5 12. exd5 exd5 13. dxc5 Bxc5 14. Nd4 Re8
15. Rae1 Bf8 16. Qb1 Nc5 17. Rxe8 Nxe8 18. Rd1 dxc4 19. Bxb7 Nxb7 20. Nxc4 Qc7
21. Nb5 Qc5 22. Nxa7 Ra8 23. Ba3 Qh5 24. Bxf8 Kxf8 25. Nc6 Rxa2 26. Nxb6 Qe2
27. Nd7+ Kg8 28. Rf1 Ned6 29. Qe1 g6 30. Ne7+ Kg7 31. Qc3+ Kh6 32. Ng8+ Kg5 33.
h4+ Kf5 34. Nh6+ Ke6 35. Re1 Qxe1+ 36. Qxe1+ Kxd7 37. Qd1 f5 38. Nf7 Ke7 39.
Nxd6 Nxd6 40. Qd4 Ne4 41. Qg7+ Ke6 42. Qxh7 Nxf2 43. Qxg6+ Ke5 44. Qg7+ Ke4 45.
h5 Rc2 46. Kf1 Ng4 47. Ke1 Ne3 48. Qb7+ Kd3 49. Qb5+ Ke4 50. Qb4+ Kd3 51. Qb5+
Ke4 52. Qb4+ Kd3 53. Qb5+ 1/2-1/2

[Event "Scottish International Open"]
[Site "Edinburgh, Scotland"]
[Date "2015.07.14"]
[Round "4"]
[White "Burnett, Andrew"]
[Black "Shafi, Declan"]
[Result "1-0"]
[WhiteElo "2249"]
[BlackElo "1908"]
[PlyCount "41"]
[EventDate "2015.??.??"]
[Source "ChessScotland"]
[SourceDate "2015.07.19"]
[WhiteClock "0:56:29"]
[BlackClock "0:35:46"]

1. e4 e5 2. Nf3 Nc6 3. Bb5 a6 4. Ba4 Nf6 5. Bxc6 dxc6 6. d3 Nd7 7. Nbd2 Be7 8.
Nc4 f6 9. Nh4 O-O 10. f4 Nb6 11. Nxb6 cxb6 12. f5 c5 13. Qe2 c4 14. dxc4 Bc5
15. Be3 Qc7 16. O-O-O Bxe3+ 17. Qxe3 Qxc4 18. Kb1 Qc7 19. Qb3+ Kh8 20. Rd3 Qf7
21. Qxf7 1-0

[Event "Scottish International Open"]
[Site "Edinburgh, Scotland"]
[Date "2015.07.14"]
[Round "4"]
[White "Petesch, Gabriel N"]
[Black "Jelfs, Alan"]
[Result "1-0"]
[WhiteElo "2242"]
[BlackElo "1889"]
[PlyCount "37"]
[EventDate "2015.??.??"]
[Source "ChessScotland"]
[SourceDate "2015.07.19"]
[WhiteClock "0:58:54"]
[BlackClock "0:32:29"]

1. b4 e6 2. Bb2 f5 3. e4 Qe7 4. exf5 exf5+ 5. Be2 Nf6 6. Nf3 g6 7. O-O Bg7 8.
Bc4 Kd8 9. Re1 Ne4 10. Nc3 Qxb4 11. Bb3 c6 12. Qc1 Rf8 13. Ba3 Qb6 14. Nxe4
fxe4 15. Bxf8 Bxf8 16. Rxe4 d5 17. Re1 Bg7 18. d4 Bf5 19. Qg5+ 1-0

[Event "Scottish International Open"]
[Site "Edinburgh, Scotland"]
[Date "2015.07.14"]
[Round "4"]
[White "Grant, Jonathan I M"]
[Black "Smith, Stephen H"]
[Result "1-0"]
[WhiteElo "2211"]
[BlackElo "1803"]
[PlyCount "51"]
[EventDate "2015.??.??"]
[Source "ChessScotland"]
[SourceDate "2015.07.19"]
[WhiteClock "0:04:12"]
[BlackClock "0:23:05"]

1. c4 Nf6 2. Nc3 e6 3. e4 d5 4. e5 d4 5. exf6 dxc3 6. bxc3 gxf6 7. d4 b6 8. Qf3
c6 9. Bd3 Bb7 10. Ne2 Be7 11. O-O Qd7 12. Re1 Na6 13. c5 bxc5 14. Rb1 O-O-O 15.
Bf4 Nc7 16. Rb3 Nd5 17. Reb1 Nb6 18. Ra3 Bd6 19. Rxa7 Kb8 20. Ra5 Bxf4 21. Nxf4
c4 22. Rxb6 Qc7 23. Raa6 cxd3 24. Nxd3 Kc8 25. Rxc6 Bxa6 26. Nc5 1-0

[Event "Scottish International Open"]
[Site "Edinburgh, Scotland"]
[Date "2015.07.14"]
[Round "4"]
[White "Pannwitz, Kai"]
[Black "Thorarinsson, Pall A"]
[Result "0-1"]
[WhiteElo "1797"]
[BlackElo "2208"]
[PlyCount "58"]
[EventDate "2015.??.??"]
[Source "ChessScotland"]
[SourceDate "2015.07.19"]
[WhiteClock "0:05:32"]
[BlackClock "0:18:21"]

1. d4 d6 2. e4 Nf6 3. Nc3 e5 4. Nf3 Nbd7 5. Bc4 Be7 6. O-O O-O 7. a4 c6 8. h3
b6 9. Re1 a6 10. d5 c5 11. Qe2 Ne8 12. Rb1 Nc7 13. b4 cxb4 14. Rxb4 a5 15. Rb1
Ba6 16. Be3 Bxc4 17. Qxc4 Na6 18. Nd1 Qc8 19. Nb2 Nb4 20. Re2 Ra7 21. Qb5 Rc7
22. Nd3 Nxc2 23. Bxb6 Na3 24. Qb3 Rc3 25. Qd1 Nxb1 26. Bxa5 Qa6 27. Nb4 Qxa5
28. Nc6 Rxc6 29. dxc6 Nc3 0-1

[Event "Scottish International Open"]
[Site "Edinburgh, Scotland"]
[Date "2015.07.14"]
[Round "4"]
[White "Schroer, Marcel"]
[Black "Jennings, Richard"]
[Result "1/2-1/2"]
[WhiteElo "2183"]
[BlackElo "1767"]
[PlyCount "93"]
[EventDate "2015.??.??"]
[Source "ChessScotland"]
[SourceDate "2015.07.19"]

1. c4 c5 2. g3 Nf6 3. Bg2 e6 4. Nf3 Be7 5. O-O O-O 6. d4 cxd4 7. Nxd4 a6 8. Nc3
Ra7 9. e4 d6 10. Be3 b6 11. f4 Bb7 12. a4 Nbd7 13. a5 Ra8 14. axb6 Nxb6 15. Qb3
Nfd7 16. Qa2 Qc7 17. b3 Nc5 18. Rfd1 Rfd8 19. Rac1 Rac8 20. f5 e5 21. Nc2 Qb8
22. Nb4 g6 23. g4 gxf5 24. gxf5 Kh8 25. Rb1 Rg8 26. Kh1 Rg4 27. h3 Rg3 28. Bxc5
dxc5 29. Nbd5 Nxd5 30. Nxd5 Bxd5 31. exd5 Rcg8 32. Rd2 e4 33. Qb2+ f6 34. d6 e3
35. dxe7 exd2 36. Qxf6+ R8g7 37. Qf8+ Rg8 38. Qf6+ R8g7 39. Qe6 Qe8 40. f6 Rxg2
41. fxg7+ Rxg7 42. Rd1 Rxe7 43. Qf6+ Rg7 44. Qf2 Qe4+ 45. Kh2 Qe5+ 46. Kh1 Qe4+
47. Kh2 1/2-1/2

[Event "Scottish International Open"]
[Site "Edinburgh, Scotland"]
[Date "2015.07.14"]
[Round "4"]
[White "Edwards, Jonathan"]
[Black "Gray, Euan"]
[Result "1-0"]
[WhiteElo "2182"]
[BlackElo "1629"]
[PlyCount "63"]
[EventDate "2015.??.??"]
[Source "ChessScotland"]
[SourceDate "2015.07.19"]

1. e4 e5 2. Nf3 Nf6 3. Nxe5 d6 4. Nf3 Nxe4 5. Nc3 Nxc3 6. dxc3 Be7 7. Be3 O-O
8. Qd2 Qe8 9. O-O-O Qa4 10. Qd5 c6 11. Rd4 Qxc2+ 12. Kxc2 cxd5 13. Rxd5 Nd7 14.
Rd2 Nf6 15. Bd3 b6 16. Re1 Bd8 17. Bf4 d5 18. Nd4 Bd7 19. f3 a6 20. Bf5 Re8 21.
Rxe8+ Bxe8 22. g4 Ra7 23. Re2 Re7 24. Rxe7 Bxe7 25. Bc7 b5 26. Bc8 b4 27. Bxa6
bxc3 28. Kxc3 h5 29. gxh5 Nxh5 30. b4 Nf6 31. b5 Kh7 32. b6 1-0

[Event "Scottish International Open"]
[Site "Edinburgh, Scotland"]
[Date "2015.07.14"]
[Round "4"]
[White "Lawson, Robert"]
[Black "Morriss, Pete"]
[Result "0-1"]
[WhiteElo "1628"]
[BlackElo "2075"]
[PlyCount "94"]
[EventDate "2015.??.??"]
[Source "ChessScotland"]
[SourceDate "2015.07.19"]

1. d4 Nf6 2. Nf3 e6 3. e3 c5 4. Bd3 b6 5. Nbd2 Bb7 6. O-O Nc6 7. c3 Be7 8. Qe2
Qc7 9. dxc5 bxc5 10. e4 d6 11. Re1 O-O 12. Nf1 a5 13. Bg5 h6 14. Bd2 a4 15.
Rad1 Nd7 16. Bc1 Bf6 17. Ng3 a3 18. Nh5 axb2 19. Nxf6+ Nxf6 20. Qxb2 Rfb8 21.
Qe2 Nd7 22. h3 Nce5 23. Bf4 Qa5 24. Nxe5 Nxe5 25. Bb1 Qxc3 26. Rxd6 Ng6 27. Qd2
Qxd2 28. Bxd2 Ne5 29. Bf4 Nc4 30. Rd7 e5 31. Bg3 Ba6 32. a4 Rb2 33. Rd5 Na3 34.
Bd3 c4 35. Bxe5 Rb3 36. Bf1 Rc8 37. Ra5 Bb7 38. Bd6 c3 39. Bxa3 Rxa3 40. Rc1
Bxe4 41. f3 Bg6 42. Kf2 Rd8 43. Rc5 Ra2+ 44. Kg3 c2 45. Bc4 Rb2 46. Bd5 Rb1 47.
R1xc2 Bxc2 0-1

[Event "Scottish International Open"]
[Site "Edinburgh, Scotland"]
[Date "2015.07.14"]
[Round "4"]
[White "McHarg, Steven"]
[Black "Kafka, Graeme"]
[Result "0-1"]
[WhiteElo "1476"]
[BlackElo "2042"]
[PlyCount "80"]
[EventDate "2015.??.??"]
[Source "ChessScotland"]
[SourceDate "2015.07.19"]

1. d4 d5 2. Nc3 Nf6 3. Bf4 c6 4. h3 h6 5. e3 Bf5 6. Bd3 e6 7. Bxf5 exf5 8. Qf3
Qb6 9. Rb1 Bb4 10. Qd1 Nbd7 11. Nge2 Nh5 12. Bh2 Qd8 13. a3 Be7 14. Nc1 Nhf6
15. b4 Nb6 16. Nd3 Nc4 17. Rb3 a5 18. a4 axb4 19. Nxb4 Bxb4 20. Rxb4 Qa5 21.
Na2 Ne4 22. O-O Nc3 23. Qd3 Nxa2 24. Rxb7 O-O 25. Qxf5 Nc3 26. Kh1 Qa6 27. Qd3
Qxb7 28. Qxc3 Rxa4 29. Qd3 Rfa8 30. Bf4 Ra1 31. Rxa1 Rxa1+ 32. Kh2 Qe7 33. Qf5
Qe6 34. Qd3 Ra3 35. Qd1 Ra2 36. Qb1 Rb2 37. Qa1 Rxc2 38. Qa8+ Kh7 39. Bg3 Nxe3
40. fxe3 Qe4 0-1

[Event "Scottish International Open"]
[Site "Edinburgh, Scotland"]
[Date "2015.07.14"]
[Round "4"]
[White "Gillies, Alex"]
[Black "Mollison, Jamie"]
[Result "1-0"]
[WhiteElo "1908"]
[BlackElo "1888"]
[PlyCount "109"]
[EventDate "2015.??.??"]
[Source "ChessScotland"]
[SourceDate "2015.07.19"]

1. d4 b6 2. Nf3 Bb7 3. g3 Nf6 4. Bg2 e6 5. O-O c5 6. c4 cxd4 7. b3 d6 8. Nxd4
Bxg2 9. Kxg2 a6 10. Nc3 Qc7 11. Qd3 Nc6 12. f3 Be7 13. Rd1 Nb4 14. Qd2 O-O 15.
Bb2 Rfd8 16. Ncb5 axb5 17. Nxb5 Qb7 18. Qxb4 d5 19. Qc3 dxc4 20. bxc4 Nh5 21.
Rd3 Bf6 22. Qd2 Rxd3 23. exd3 Qd7 24. d4 g6 25. g4 Ng7 26. Qf4 Ne8 27. a3 Ra5
28. Rc1 Ra8 29. Rc2 Bg7 30. Qe4 Rc8 31. Qd3 Nf6 32. h3 h5 33. Bc1 hxg4 34. hxg4
e5 35. Kg3 e4 36. Qe2 exf3 37. Qxf3 Qe6 38. c5 bxc5 39. dxc5 Qe1+ 40. Kg2 Qa5
41. Qb7 Re8 42. Nd6 Rf8 43. Qf3 Qa4 44. Rc4 Qd7 45. a4 Qe6 46. a5 Rd8 47. a6
Rxd6 48. a7 Ra6 49. a8=Q+ Rxa8 50. Qxa8+ Kh7 51. Qa2 Nxg4 52. Qc2 Qd5+ 53. Qe4
Qxe4+ 54. Rxe4 f5 55. Re7 1-0

[Event "Scottish International Open"]
[Site "Edinburgh, Scotland"]
[Date "2015.07.14"]
[Round "4"]
[White "Parks, Joe"]
[Black "Brown, Alan M"]
[Result "0-1"]
[WhiteElo "1897"]
[BlackElo "2082"]
[PlyCount "92"]
[EventDate "2015.??.??"]
[Source "ChessScotland"]
[SourceDate "2015.07.19"]

1. d4 d5 2. Nf3 Nf6 3. e3 Bf5 4. Be2 e6 5. O-O Be7 6. Nbd2 O-O 7. Nh4 Bg6 8.
Nxg6 hxg6 9. c4 Nbd7 10. c5 c6 11. f4 a5 12. g4 b6 13. cxb6 Qxb6 14. g5 Ne8 15.
Nf3 Nd6 16. Bd3 Rfc8 17. Ne5 Nxe5 18. fxe5 Nf5 19. Qg4 c5 20. Rf3 Qd8 21. h4
Rab8 22. Bxf5 gxf5 23. Qg2 Rb4 24. b3 Rb7 25. Ba3 Rbc7 26. Qd2 cxd4 27. Bxe7
Qxe7 28. exd4 Qa3 29. Rf2 Rc3 30. Rd1 Qe7 31. Rg2 R8c6 32. Rb1 Qc7 33. Rb2 Rh3
34. Rh2 Rc1+ 35. Kg2 Rhc3 36. Qf4 R3c2+ 37. Rxc2 Qxc2+ 38. Kh3 Qd3+ 39. Qg3
Qxd4 40. Rf2 Rc3 41. Rf3 f4 42. Qg2 Qxe5 43. Rxc3 Qxc3+ 44. Kg4 Qg3+ 45. Qxg3
fxg3 46. Kxg3 g6 0-1

[Event "Scottish International Open"]
[Site "Edinburgh, Scotland"]
[Date "2015.07.14"]
[Round "4"]
[White "Olson, Hamish"]
[Black "Graham, Alan"]
[Result "1-0"]
[WhiteElo "2079"]
[BlackElo "1739"]
[PlyCount "115"]
[EventDate "2015.??.??"]
[Source "ChessScotland"]
[SourceDate "2015.07.19"]

1. e4 c6 2. d4 d5 3. exd5 cxd5 4. c4 Nf6 5. Nc3 e6 6. Nf3 Bb4 7. Bd3 dxc4 8.
Bxc4 Nd5 9. Qd3 Nxc3 10. bxc3 Be7 11. O-O O-O 12. Re1 Nc6 13. Qe4 Bf6 14. Bd3
g6 15. Bh6 Re8 16. Qf4 Bg7 17. Bxg7 Kxg7 18. Ng5 Rf8 19. Re3 h6 20. Ne4 f5 21.
Nc5 g5 22. Rg3 Kh8 23. Qe3 Qd5 24. f4 g4 25. Bc2 Rf6 26. Bb3 Qd6 27. Re1 b6 28.
Nd3 Bd7 29. Ne5 Re8 30. Nxd7 Qxd7 31. d5 Na5 32. Qd4 Kg7 33. Rge3 Nxb3 34. axb3
Kg6 35. dxe6 Qc6 36. Qe5 Qc5 37. Qxc5 bxc5 38. c4 Re7 39. Re5 h5 40. g3 Kg7 41.
Rxc5 Rfxe6 42. Rxe6 Rxe6 43. Rxf5 Re2 44. Ra5 Kf6 45. Rxa7 Rb2 46. Ra5 h4 47.
gxh4 Rxb3 48. Rd5 Rc3 49. c5 Ke6 50. Rg5 Rc4 51. c6 Rxf4 52. Rc5 Rf8 53. c7 Rc8
54. Rc1 Kf5 55. Kg2 Kg6 56. Kg3 Kh6 57. Kxg4 Kh7 58. Kf5 1-0

[Event "Scottish International Open"]
[Site "Edinburgh, Scotland"]
[Date "2015.07.14"]
[Round "4"]
[White "Palaniswamy, Raja S"]
[Black "Schmerwitz, Reinhard"]
[Result "1-0"]
[WhiteElo "2034"]
[BlackElo "1829"]
[PlyCount "67"]
[EventDate "2015.??.??"]
[Source "ChessScotland"]
[SourceDate "2015.07.19"]

1. e4 c5 2. Nf3 d6 3. d4 cxd4 4. Nxd4 Nf6 5. Nc3 Nc6 6. Bg5 e6 7. Qd2 a6 8.
O-O-O Bd7 9. f3 Qc7 10. Kb1 Rc8 11. h4 b5 12. Bxb5 axb5 13. Ndxb5 Qb7 14. Nxd6+
Bxd6 15. Qxd6 Na5 16. Qd3 Nc4 17. b3 Ne5 18. Qd4 Nc6 19. Qd6 Nb4 20. Rd4 Rxc3
21. Rxb4 Qc6 22. Rb8+ Bc8 23. Qxc6+ Rxc6 24. Bxf6 gxf6 25. Rd1 e5 26. a4 Ke7
27. b4 Rg8 28. Rd2 Rg3 29. b5 Rc4 30. Kb2 Be6 31. a5 Ra4 32. a6 Bc4 33. Rb7+
Kf8 34. a7 1-0

[Event "Scottish International Open"]
[Site "Edinburgh, Scotland"]
[Date "2015.07.14"]
[Round "4"]
[White "Campbell, Eoin"]
[Black "Stevenson, Jim"]
[Result "0-1"]
[WhiteElo "1839"]
[BlackElo "2028"]
[PlyCount "68"]
[EventDate "2015.??.??"]
[Source "ChessScotland"]
[SourceDate "2015.07.19"]

1. d4 Nf6 2. c4 g6 3. g3 Bg7 4. Bg2 d5 5. cxd5 Nxd5 6. Nc3 Nb6 7. Nf3 O-O 8.
O-O Nc6 9. d5 Na5 10. e4 c6 11. Bf4 cxd5 12. exd5 Nac4 13. Qc1 Nxb2 14. Qxb2
Na4 15. Qa3 Nxc3 16. Rae1 Nxd5 17. Rd1 e6 18. Rfe1 Bd7 19. Bd6 Re8 20. Ne5 Bc6
21. Qf3 Qf6 22. Qa3 Bf8 23. Bxd5 exd5 24. Bxf8 Rxf8 25. Rd4 Rfe8 26. f4 Qe7 27.
Qc3 f6 28. Nd3 Qd6 29. Rc1 Re3 30. Qb4 Qe6 31. Nf2 Re8 32. Kg2 Re2 33. Rf1 Rxa2
34. Qb3 Qe2 0-1

[Event "Scottish International Open"]
[Site "Edinburgh, Scotland"]
[Date "2015.07.14"]
[Round "4"]
[White "Begg, David"]
[Black "Bhopal, Raj"]
[Result "0-1"]
[WhiteElo "1706"]
[BlackElo "2006"]
[PlyCount "152"]
[EventDate "2015.??.??"]
[Source "ChessScotland"]
[SourceDate "2015.07.19"]

1. d4 f5 2. Bg5 g6 3. Nc3 d5 4. e3 Bg7 5. Bd3 Nf6 6. Nge2 c6 7. f3 Qb6 8. Na4
Qa5+ 9. c3 h6 10. Bxf6 Bxf6 11. Nf4 g5 12. Nh5 Rf8 13. Qc2 Bh8 14. Ng3 e6 15.
O-O Qc7 16. Rae1 b6 17. e4 dxe4 18. fxe4 f4 19. e5 Qe7 20. Ne4 Kd8 21. Nd6 Ba6
22. c4 Kc7 23. b4 Bc8 24. b5 Bd7 25. Nc3 a6 26. a4 Ra7 27. Rb1 axb5 28. cxb5
Ra5 29. Nce4 Be8 30. Nxe8+ Rxe8 31. Nd6 Rd8 32. Nc4 Ra7 33. Qd2 c5 34. Nd6 Rxd6
35. exd6+ Qxd6 36. Qc2 Qxd4+ 37. Kh1 Nd7 38. Rfd1 Qc3 39. Qa2 Qf6 40. Be4 Ne5
41. Qd2 Qe7 42. Bc2 Ng4 43. Bb3 Bd4 44. Rf1 Ne3 45. Rfe1 e5 46. Rxe3 fxe3 47.
Qe2 Ra8 48. Rf1 Rf8 49. Bc4 Rf2 50. Rxf2 exf2 51. Qe4 Qf6 52. Bf1 c4 53. Qh7+
Kd6 54. Qb7 Bc5 55. Qc6+ Ke7 56. Qc7+ Kf8 57. a5 Qd6 58. axb6 Qxb6 59. Qxb6
Bxb6 60. Bxc4 Ke7 61. g4 Kd6 62. Kg2 e4 63. Be2 Ke5 64. Kg3 Be3 65. Bf1 Kd6 66.
h3 Kd5 67. Kg2 Kc5 68. Be2 Kb4 69. Kf1 Kc3 70. Kg2 Kd2 71. Kf1 Bb6 72. Bc4 Ke3
73. Kg2 Bc5 74. Bf1 Kd2 75. Bc4 Ke1 76. Bf1 e3 0-1

[Event "Scottish International Open"]
[Site "Edinburgh, Scotland"]
[Date "2015.07.14"]
[Round "4"]
[White "Zamvar, Vipin"]
[Black "Burnett, Walter"]
[Result "0-1"]
[WhiteElo "1622"]
[BlackElo "1983"]
[PlyCount "36"]
[EventDate "2015.??.??"]
[Source "ChessScotland"]
[SourceDate "2015.07.19"]

1. d4 d5 2. c4 e5 3. dxe5 d4 4. e3 Bb4+ 5. Bd2 dxe3 6. Qa4+ Nc6 7. Bxb4 exf2+
8. Kxf2 Qh4+ 9. Ke2 Qxc4+ 10. Kf2 Qd4+ 11. Kg3 Qxe5+ 12. Kf3 Qd5+ 13. Kg3 Qg5+
14. Kf2 Qh4+ 15. g3 Qxb4 16. Qc2 Bg4 17. Bc4 O-O-O 18. Bxf7 Rf8 0-1

[Event "Scottish International Open"]
[Site "Edinburgh, Scotland"]
[Date "2015.07.14"]
[Round "4"]
[White "Doyle, James"]
[Black "Underwood, James Robert"]
[Result "0-1"]
[WhiteElo "1962"]
[BlackElo "1534"]
[PlyCount "108"]
[EventDate "2015.??.??"]
[Source "ChessScotland"]
[SourceDate "2015.07.19"]

1. d4 d5 2. c4 e6 3. Nc3 Nf6 4. Bf4 Bd6 5. Bg3 c6 6. e3 Bxg3 7. hxg3 Nbd7 8.
Nf3 b6 9. Bd3 Bb7 10. Rc1 O-O 11. Ne5 h6 12. f4 dxc4 13. Bxc4 Nxe5 14. dxe5
Qxd1+ 15. Rxd1 Nd5 16. Bxd5 exd5 17. e4 dxe4 18. Nxe4 c5 19. Nd6 Bxg2 20. Rh2
Bf3 21. Rd3 Bg4 22. Rhd2 g6 23. Ne4 Kg7 24. Nf6 Bf5 25. Rd6 h5 26. Kf2 c4 27.
Ke3 b5 28. Kd4 Rfc8 29. Nd5 Be6 30. a3 Bxd5 31. Rxd5 Rab8 32. Rd7 Kg8 33. Rxa7
b4 34. axb4 Rxb4 35. Kc3 Rb3+ 36. Kc2 Rxg3 37. Rdd7 Rf8 38. e6 Re3 39. exf7+
Kg7 40. Rac7 Re4 41. Kc3 Rxf4 42. Rxc4 Rxc4+ 43. Kxc4 Rxf7 44. Rd2 h4 45. b4
Rb7 46. b5 Kf6 47. Rg2 g5 48. Kc5 h3 49. Rf2+ Ke5 50. Kc6 Rb8 51. b6 g4 52. Kc7
Rxb6 53. Kxb6 g3 54. Rf3 g2 0-1

[Event "Scottish International Open"]
[Site "Edinburgh, Scotland"]
[Date "2015.07.14"]
[Round "4"]
[White "Kynoch, Richard"]
[Black "Veelenturf, Wim"]
[Result "1-0"]
[WhiteElo "1934"]
[BlackElo "1697"]
[PlyCount "39"]
[EventDate "2015.??.??"]
[Source "ChessScotland"]
[SourceDate "2015.07.19"]

1. e4 c6 2. d4 d5 3. e5 Bf5 4. Ne2 e6 5. Ng3 Bg6 6. h4 h6 7. h5 Bh7 8. Bd3 Bxd3
9. cxd3 Nd7 10. Nc3 a6 11. f4 c5 12. dxc5 d4 13. Nce4 Bxc5 14. O-O Ne7 15. f5
exf5 16. Nd6+ Kf8 17. Ngxf5 Nxe5 18. Ne4 Nxf5 19. Rxf5 Bd6 20. Bf4 1-0

[Event "Scottish International Open"]
[Site "Edinburgh, Scotland"]
[Date "2015.07.14"]
[Round "4"]
[White "Volland, Ben"]
[Black "Ridge, Michael"]
[Result "1/2-1/2"]
[WhiteElo "1543"]
[BlackElo "1917"]
[PlyCount "116"]
[EventDate "2015.??.??"]
[Source "ChessScotland"]
[SourceDate "2015.07.19"]

1. e4 c5 2. Nf3 Nc6 3. d4 cxd4 4. Nxd4 g6 5. c4 Nf6 6. Nc3 d6 7. Be2 Nxd4 8.
Qxd4 Bg7 9. Be3 O-O 10. Qd2 Be6 11. f3 a5 12. Rc1 a4 13. O-O Qa5 14. Nd5 Qxd2
15. Nxe7+ Kh8 16. Bxd2 Rfe8 17. Nd5 Nxd5 18. cxd5 Bxd5 19. Bb5 Bc6 20. Bxc6
bxc6 21. Rxc6 Bxb2 22. Rxd6 Rec8 23. Bh6 Bg7 24. Bxg7+ Kxg7 25. Rd2 a3 26. Rb1
Rab8 27. Rxb8 Rxb8 28. Kf2 h5 29. g3 h4 30. Ke3 hxg3 31. hxg3 g5 32. Rd3 Ra8
33. f4 gxf4+ 34. gxf4 Kf6 35. e5+ Ke7 36. f5 Ra4 37. Rd4 Ra5 38. Ke4 f6 39.
exf6+ Kxf6 40. Rd6+ Ke7 41. Rd5 Rxd5 42. Kxd5 Kf6 43. Ke4 Kf7 44. Ke5 Ke7 45.
f6+ Kf7 46. Kf5 Kf8 47. Kg6 Kg8 48. Kf5 Kf8 49. Ke5 Kf7 50. Kd5 Kxf6 51. Kc4
Ke6 52. Kb4 Kd6 53. Kxa3 Kc6 54. Ka4 Kb7 55. Ka5 Ka8 56. Ka6 Kb8 57. Kb6 Ka8
58. a4 Kb8 1/2-1/2